000 00518nam a2200193Ia 4500
003 GCL
008 140319s9999 xx 000 0 ara d
040 _aGCL /
_cGCL
082 0 4 _a614
_bا ص
245 1 0 _aصحة العائلة مع 800 سؤال وجواب
260 _a[S.N] :
_bدار الاوقاف الجديدة
300 _a663 ص
490 _a
650 0 4 _aالطب
650 0 4 _aالرعاية الصحية
650 0 4 _aالصحة العامة
650 0 4 _aطب المجتمع
942 _2ddc
_cBK
999 _c55022
_d55022